| 000 | 00485nam a2200193Ia 4500 | ||
|---|---|---|---|
| 005 | 20240823024609.0 | ||
| 008 | 240823s9999||||xx |||||||||||||| ||und|| | ||
| 020 | _a978-0-230-54225-9 | ||
| 041 | _aENGLISH | ||
| 082 | _A380.1 P7 | ||
| 100 | _aStephen Valdez | ||
| 245 | 3 | _aAn Introduction to Global Financial Markets | |
| 250 | _a5th | ||
| 260 |
_c2007 _bPalgrave macm |
||
| 500 | _aYES | ||
| 650 |
_aFinancial Accounting _bManagement Studies |
||
| 942 | _cBK | ||
| 999 |
_c184296 _d184296 |
||